Word Scramble - Anything Geography - Statistics

General Stats
  • This quiz has been taken 2,093 times
  • The average score is 12 of 20
Answer Stats
Category Answer % Correct
Country Afghanistan
100%
U.S. State Arizona
100%
River Congo
100%
Country Fiji
100%
U.S. State Idaho
100%
Country Japan
100%
Country Panama
100%
Country Philippines
100%
Currency Won
100%
Capital City Bern
97%
Country Kosovo
97%
Capital City Oslo
97%
Country Togo
97%
U.S. State Alabama
96%
U.S. State Arkansas
96%
Capital City Baku
96%
Country Cuba
96%
U.S. State Mississippi
96%
Country Qatar
96%
Country Tuvalu
96%
Country Zimbabwe
96%
Mountain Fuji
95%
Country Georgia
95%
Other Map
95%
Country Mexico
95%
Country Morocco
95%
Capital City Paris
95%
Country Taiwan
95%
Country Canada
94%
Other Lava
94%
Country Libya
94%
Capital City Riga
94%
Country Samoa
94%
Other West
94%
U.S. State Connecticut
93%
U.S. State Illinois
93%
Country Iraq
93%
U.S. State Maine
93%
Country Nepal
93%
River Nile
93%
Country Oman
93%
European Region Sussex
93%
U.S. State Utah
93%
U.S. State Alaska
92%
Country Ghana
92%
Capital City Havana
92%
Country Iran
92%
Capital City Jakarta
92%
U.S. State Kentucky
92%
Country Kuwait
92%
Country Mozambique
92%
Country Nauru
92%
U.S. State Nevada
92%
Country Syria
92%
Country Zambia
92%
Country Angola
91%
Country Belize
91%
Country Botswana
91%
U.S. State California
91%
Country China
91%
Country Cyprus
91%
Country Egypt
91%
Country Germany
91%
U.S. State Hawaii
91%
Capital City Lima
91%
Capital City Minsk
91%
River Mississippi
91%
U.S. State Oregon
91%
Other Sea
91%
Country Sudan
91%
U.S. State Texas
91%
Country Yemen
91%
Country Chad
90%
U.S. State Iowa
90%
Island Java
90%
Capital City Kiev
90%
Country Madagascar
90%
Country Malta
90%
Capital City Moscow
90%
Country Seychelles
90%
Country Benin
89%
River Colorado
89%
Island Cuba
89%
Capital City Hanoi
89%
Country Israel
89%
U.S. State Kansas
89%
U.S. State Oklahoma
89%
U.S. State Pennsylvania
89%
Country Peru
89%
Currency Peso
89%
U.S. State Vermont
89%
Country Bolivia
88%
Other Hill
88%
Country Moldova
88%
Country Niger
88%
Country Paraguay
88%
Capital City Quito
88%
Currency Rand
88%
Capital City Rome
88%
Capital City Tokyo
88%
Country Uruguay
88%
Other World
88%
River Amazon
87%
City Delhi
87%
U.S. State Florida
87%
U.S. State Montana
87%
U.S. State Virginia
87%
Mountain Everest
86%
Country Haiti
86%
Country India
86%
U.S. State Michigan
86%
Other Mountain
86%
Other Pond
86%
Country Turkey
86%
Country Chile
85%
U.S. State Georgia
85%
Country Jamaica
85%
Capital City Jerusalem
85%
Country Laos
85%
Country Luxembourg
85%
City Nice
85%
U.S. State Ohio
85%
Country Rwanda
85%
Country Slovenia
85%
City Boston
84%
Country Brazil
84%
U.S. State Colorado
84%
Country Jordan
84%
Country Latvia
84%
City Lyon
84%
Country Monaco
84%
Other Peak
84%
Country Tonga
84%
Country Vanuatu
84%
Capital City Beijing
83%
Other Cape
83%
Currency Euro
83%
Country Finland
83%
Country Kenya
83%
City Miami
83%
Country Sweden
83%
Country Tajikistan
83%
Country Venezuela
83%
U.S. State Wyoming
83%
Country Bahamas
82%
Capital City Dili
82%
Country Guatemala
82%
Country Italy
82%
Capital City Reykjavík
82%
Country Tanzania
82%
U.S. State Washington
82%
Other Asia
81%
Capital City Dakar
81%
Capital City Doha
81%
Capital City Dublin
81%
European Region Essex
81%
Country France
81%
Country Kazakhstan
81%
Country Malaysia
81%
Capital City Malé
81%
U.S. State Massachusetts
81%
U.S. State Missouri
81%
City Osaka
81%
City Oxford
81%
Currency Real
81%
Currency Rupee
81%
Country Uganda
81%
Capital City Accra
80%
Capital City Cairo
80%
Capital City Caracas
80%
Canadian Region Quebec
80%
Capital City Seoul
80%
U.S. State Tennessee
80%
U.S. State Wisconsin
80%
Country Azerbaijan
79%
Country Bhutan
79%
City Chicago
79%
Capital City Ottawa
79%
Country Palau
79%
City Phoenix
79%
Other River
79%
Country Tunisia
79%
Capital City Ankara
78%
Country Belarus
78%
Country Burundi
78%
Currency Dong
78%
State Capital Dover
78%
Country Indonesia
78%
River Tiber
78%
Capital City Vilnius
78%
Country Algeria
77%
U.S. State Delaware
77%
Country Eritrea
77%
Capital City Juba
77%
Capital City Kabul
77%
Capital City Madrid
77%
Capital City Manila
77%
Country Mongolia
77%
Capital City Nassau
77%
Country Poland
77%
City Sydney
77%
Country Thailand
77%
City Toronto
77%
Capital City Vienna
77%
Capital City Warsaw
77%
Capital City Baghdad
76%
Country Belgium
76%
Country Brunei
76%
Country Cameroon
76%
Capital City Dhaka
76%
Demonym Greek
76%
State Capital Jackson
76%
European Region Kent
76%
Country Kyrgyzstan
76%
State Capital Lincoln
76%
Country Nigeria
76%
City Philadelphia
76%
Currency Pound
76%
Currency Ruble
76%
Country Slovakia
76%
Country Spain
76%
Country Uzbekistan
76%
Other Alpa
75%
State Capital Atlanta
75%
Country Djibouti
75%
Country Gambia
75%
Country Greece
75%
Country Guyana
75%
State Capital Honolulu
75%
Country Ireland
75%
Other Lake
75%
Capital City Lisbon
75%
Country Mali
75%
Country Myanmar
75%
Country Pakistan
75%
State Capital Phoenix
75%
River Rhine
75%
European Region Sicily
75%
Capital City Sofia
75%
Capital City Amman
74%
Other Beach
74%
Capital City Berlin
74%
City Cardiff
74%
Currency Franc
74%
Demonym German
74%
Capital City Luxembourg
74%
Country Malawi
74%
Capital City Monaco
74%
Country Switzerland
74%
Capital City Tbilisi
74%
Capital City Bogotá
73%
River Danube
73%
State Capital Denver
73%
Capital City Djibouti
73%
Country Guinea
73%
Country Guinea-Bissau
73%
U.S. State Louisiana
73%
Country Serbia
73%
Capital City Vaduz
73%
Capital City Zagreb
73%
Country Hungary
72%
U.S. State Indiana
72%
Mountain Kilimanjaro
72%
City Leeds
72%
Country Mauritania
72%
Country Netherlands
72%
Other North
72%
Capital City Rabat
72%
Other Swamp
72%
European Region Wales
72%
Country Austria
71%
Country Barbados
71%
Demonym Dutch
71%
Country Ethiopia
71%
Demonym Iraqi
71%
Country Kiribati
71%
Capital City Lomé
71%
River Mekong
71%
State Capital Montgomery
71%
Country Norway
71%
Capital City Riyadh
71%
Other State
71%
River Volga
71%
State Capital Boston
70%
Country Comoros
70%
Currency Krona
70%
Country Lithuania
70%
Country Senegal
70%
Capital City Suva
70%
Other Ural
70%
Country Albania
69%
Island Baffin
69%
Mountain Blanc
69%
Country Denmark
69%
Demonym French
69%
Country Argentina
68%
European Region Bavaria
68%
Country Bulgaria
68%
Country Gabon
68%
Currency Krone
68%
Country Liberia
68%
Country Liechtenstein
68%
City Milan
68%
City Mumbai
68%
Country Namibia
68%
Country Nicaragua
68%
Country Somalia
68%
Country Turkmenistan
68%
Country Vietnam
68%
Demonym Welsh
68%
Capital City Apia
67%
Country Bahrain
67%
Capital City Bangkok
67%
Demonym Canadian
67%
Other Delta
67%
Country Estonia
67%
Capital City Kigali
67%
U.S. State Nebraska
67%
Other Pacific
67%
Capital City Pyongyang
67%
Country Andorra
66%
Country Lesotho
66%
Capital City Astana
65%
Country Cambodia
65%
River Ganges
65%
Country Grenada
65%
Island Hokkaido
65%
U.S. State Maryland
65%
Capital City Prague
65%
River Seine
65%
Capital City Taipei
65%
Capital City Tripoli
65%
Capital City Tunis
65%
Capital City Abuja
64%
Capital City Beirut
64%
Island Borneo
64%
Capital City Brussels
64%
Other East
64%
Country Lebanon
64%
Country Montenegro
64%
Currency Yuan
64%
City Barcelona
63%
Capital City Belgrade
63%
Capital City Chișinău
63%
State Capital Juneau
63%
Country Macedonia
63%
Demonym Mexican
63%
Capital City Mogadishu
63%
Other South
63%
Demonym Swiss
63%
Capital City Yerevan
63%
Country Australia
62%
Country Bangladesh
62%
Mountain Etna
62%
Island Greenland
62%
Country Honduras
62%
U.S. State Minnesota
62%
Country Portugal
62%
Capital City Skopje
62%
Canadian Region Alberta
61%
City Dallas
61%
Country Ecuador
61%
Capital City Helsinki
61%
Country Maldives
61%
Canadian Region Manitoba
61%
State Capital Boise
60%
Currency Dinar
60%
Other Ocean
60%
Canadian Region Ontario
60%
Other Rocky
60%
Other Valley
60%
Country Armenia
59%
Capital City Georgetown
59%
City Glasgow
59%
City Hamburg
59%
Demonym Japanese
59%
Capital City Kampala
59%
Country Mauritius
59%
Demonym Roman
59%
City Aberdeen
58%
City Belfast
58%
Currency Dollar
58%
Demonym Korean
58%
Country Romania
58%
Capital City Sarajevo
58%
Country Singapore
58%
Capital City Valletta
58%
Capital City Amsterdam
57%
City Birmingham
57%
State Capital Bismarck
57%
Demonym Chinese
57%
State Capital Columbus
57%
State Capital Concord
57%
Demonym Cuban
57%
Other Europe
57%
Capital City Funafuti
57%
Other Himalaya
57%
Capital City Managua
57%
City Munich
57%
Country Russia
57%
Demonym Texan
57%
Country Ukraine
57%
Canadian Region Yukon
57%
State Capital Albany
56%
Other Atlas
56%
Other Border
56%
Demonym Italian
56%
Demonym Nigerian
56%
Demonym Slovakian
56%
State Capital Tallahassee
56%
Capital City Tallinn
56%
Other Volcano
56%
Capital City Asmara
55%
Capital City Canberra
55%
State Capital Cheyenne
55%
Capital City Copenhagen
55%
Mountain Sinai
55%
Capital City Sucre
55%
Island Tasmania
55%
Capital City Budapest
54%
European Region Saxony
54%
Demonym Uzbek
54%
Country Iceland
53%
Capital City Kathmandu
53%
Capital City London
53%
Capital City Manama
53%
Capital City Stockholm
53%
Country Swaziland
53%
Capital City Thimphu
53%
Country Croatia
52%
State Capital Frankfort
52%
Capital City Islamabad
52%
Demonym Jamaican
52%
Capital City Kingston
52%
City Kolkata
52%
Capital City Muscat
52%
Capital City Nicosia
52%
Mountain Olympus
52%
Capital City Tegucigalpa
52%
Capital City Tehran
52%
Capital City Victoria
52%
Capital City Ashgabat
50%
Capital City Athens
50%
State Capital Augusta
50%
Island Honshu
50%
Other Island
50%
Mountain Matterhorn
50%
Demonym Parisian
50%
Capital City Podgorica
50%
Canadian Region Saskatchewan
50%
River Thames
50%
Other Tropic
50%
Capital City Yaoundé
50%
Capital City Belmopan
48%
Capital City Bloemfontein
48%
City Bremen
48%
Other Capital
48%
Country Colombia
48%
State Capital Columbia
48%
Capital City Conakry
48%
Capital City Dodoma
48%
Country Dominica
48%
City Frankfurt
48%
Capital City Monrovia
48%
Canadian Region Nunavut
48%
City Shanghai
48%
Capital City Singapore
48%
River Yellow
48%
Capital City Bratislava
47%
Mountain Denali
47%
European Region England
47%
Capital City Harare
47%
European Region Hesse
47%
Capital City Ljubljana
47%
State Capital Pierre
47%
State Capital Providence
47%
City Vancouver
47%
Capital City Windhoek
47%
Capital City Antananarivo
46%
Capital City Montevideo
46%
State Capital Olympia
46%
Demonym Turkish
46%
Demonym Yemeni
46%
Capital City Algiers
45%
City Bristol
45%
City Cologne
45%
Other Country
45%
Capital City Damascus
45%
Island Luzon
45%
Capital City Mbabane
45%
Demonym Norwegian
45%
State Capital Sacramento
45%
City Seattle
45%
Demonym Slovenian
45%
River Yangtze
45%
Other Africa
44%
Capital City Brasília
44%
Other Equator
44%
City Liverpool
44%
Capital City Niamey
44%
Capital City Praia
44%
State Capital Salem
44%
State Capital Austin
43%
Capital City Bishkek
43%
Capital City Brazzaville
43%
State Capital Hartford
43%
Demonym Iranian
43%
Capital City Maputo
43%
Capital City Nairobi
43%
State Capital Topeka
43%
European Region Aragon
42%
Demonym British
42%
River Hudson
42%
Capital City Khartoum
42%
Capital City Luanda
42%
Capital City Lusaka
42%
City Naples
42%
Capital City Nouakchott
42%
Mountain Table
42%
Other Caucasus
41%
Demonym Dominican
41%
Other Earth
41%
City Florence
41%
City Houston
41%
State Capital Indianapolis
41%
Capital City Kinshasa
41%
City Melbourne
41%
Capital City Naypyidaw
41%
Capital City Tashkent
41%
State Capital Helena
40%
Capital City Kingstown
40%
Capital City Moroni
40%
Island Victoria
40%
Mountain Ararat
39%
European Region Corsica
39%
City Dundee
39%
State Capital Harrisburg
39%
Other Lagoon
39%
Other Pyrenees
39%
Other Stream
39%
City Swansea
39%
Other Andes
38%
Capital City Bangui
38%
Other County
38%
Island Hispaniola
38%
Demonym Hungarian
38%
City Nantes
38%
Other Oceania
38%
Capital City Tirana
38%
Capital City Banjul
37%
Demonym Brazilian
37%
European Region Bremen
37%
Capital City Freetown
37%
Capital City Pretoria
37%
Other Arctic
36%
Capital City Basseterre
36%
Other Geography
36%
City Guangzhou
36%
City Luanda
36%
State Capital Montpelier
36%
Capital City Paramaribo
36%
Other Territory
36%
European Region Valencia
36%
Capital City Yamoussoukro
36%
Mountain Aconcagua
35%
Capital City Bissau
35%
Capital City Bucharest
35%
River Columbia
35%
Country Suriname
35%
Capital City Vientiane
35%
Capital City Gitega
34%
River Murray
34%
Capital City Asunción
33%
Capital City Libreville
33%
City Manchester
33%
State Capital Raleigh
33%
Demonym Russian
33%
State Capital Springfield
33%
Demonym American
32%
European Region Devon
32%
Demonym Egyptian
32%
Capital City Gaborone
32%
Other Region
32%
European Region Murcia
31%
Other Nation
31%
Demonym Polish
31%
Demonym Trojan
31%
Other Atlantic
30%
Demonym Austrian
30%
Capital City Majuro
30%
European Region Normandy
30%
Other America
29%
Capital City Lilongwe
29%
Demonym Portuguese
29%
Mountain Rushmore
29%
City Salvador
29%
City Sheffield
29%
State Capital Trenton
29%
Island Ellesmere
28%
Capital City Honiara
28%
Capital City Palikir
28%
City Bordeaux
27%
City Leicester
27%
Capital City Maseru
27%
City Montreal
27%
Capital City Ngerulmud
27%
Capital City Ouagadougou
27%
Capital City Santiago
27%
Capital City Ulaanbaatar
27%
Capital City Bamako
26%
City Karachi
26%
Capital City Malabo
26%
Capital City Castries
25%
European Region Norfolk
25%
Other Tributary
25%
Capital City Bridgetown
24%
Other Continent
24%
European Region Liguria
24%
Currency Ringgit
24%
State Capital Charleston
23%
Mountain Erebus
23%
Other Hemisphere
23%
State Capital Madison
23%
Other Appalachian
22%
State Capital Richmond
22%
City Rotterdam
22%
European Region Rutland
22%
European Region Brittany
21%
City Istanbul
21%
State Capital Nashville
21%
European Region Scotland
21%
City Coventry
20%
Mountain Whitney
20%
European Region Suffolk
19%
Capital City Yaren
19%
European Region Durham
18%
Other Landform
18%
Mountain Rainier
18%
Capital City Wellington
18%
Other Latitude
17%
City Strasbourg
17%
City Bangalore
16%
Capital City Cotonou
16%
Mountain Elbrus
16%
City Marseille
16%
State Capital Lansing
15%
City Southampton
15%
Demonym Venetian
15%
State Capital Annapolis
14%
European Region Derbyshire
14%
Capital City Dushanbe
14%
Demonym Ivorian
14%
Other Longitude
14%
Other Province
14%
Other Antarctica
13%
European Region Veneto
13%
European Region Yorkshire
13%
Island Samatra
12%
Other Altitude
11%
European Region Brandenburg
11%
European Region Cheshire
11%
European Region Dorset
11%
City Nottingham
11%
European Region Hampshire
10%
Demonym Spaniard
10%
European Region Cantabria
9%
Other Meridian
9%
European Region Wiltshire
9%
Capital City Pristina
8%
European Region Berkshire
7%
Other Carpathian
7%
Island Mindanao
7%
European Region Surrey
7%
European Region Cornwall
5%
Other Microstate
4%
Mountain Tambora
4%
Mountain Lhotse
3%
European Region Asturias
0%
Other Elevation
0%
Other Grampian
0%
Other Mercator
0%
European Region Occitania
0%
No matching quizzes found
Score Distribution
Percent of People with Each Score
Percentile by Number Answered
Your Score History
You have not taken this quiz